00337nam a2200133 a 4500008004100000020001500041050001500056100001600071245003800087246001900125250001200144260003800156350000900194120416s2000 ||||||||||||||||| || u a8120312619 aTA 403 Rag aRaghavan, V10aMaterials science and engineering aa first course a4th ed. aNew DelhibFT Prentice-Hallc2000 a0.00